| 000 | 01144nam a22002657a 4500 | ||
|---|---|---|---|
| 005 | 20141119161221.0 | ||
| 008 | 140714b xxu||||| |||| 00| 0 Urdu d | ||
| 010 | _aUR-135 B-548043 | ||
| 020 |
_a9789350731406 _c500.00 |
||
| 035 | _aU-135 B-548043 | ||
| 037 | _bBPPD/Pub/Ven | ||
| 037 | _bPansy Books(Vend.)/Edu.pub. House(Pub.) | ||
| 040 |
_aDPL _bUrdu |
||
| 082 | _a841 | ||
| 100 | _aمضطر مجا ز | ||
| 245 |
_aطلسم مجا ز"کليا تسنہ 2013 تک کا کلا م _cمضطر مجا ز |
||
| 246 |
_aTilism-e- Majaz(Kulliyat) _bbyMuztar Majaz |
||
| 260 |
_aد ھلی _bا يجو کيشنل پبليشنگ ہا ؤس _c2013 |
||
| 260 | _bPansy Books(Vender) | ||
| 270 |
_a3108،و کيل اسٹر يٹ ،کو چہ پنڈ ت ،لال کنو ا ن _bد ھلی _e110006 _k23216162،23214465 |
||
| 270 |
_aR2,/66/A Somesh Vihar,Chhawala _bNew Delhi _e110071 _k01125317355 |
||
| 300 |
_a500ص _c22Cm (Hb) |
||
| 942 |
_2ddc _cUR _e _h841 _mم ض ط |
||
| 999 |
_c87383 _d87383 |
||